| 000 | 00708nam a2200193Ia 4500 | ||
|---|---|---|---|
| 008 | 000000[1986?] usa 0000000000eng00 | ||
| 090 | _aPUS00 I52r | ||
| 100 | 1 | _aIndiana, Gary | |
| 245 | 1 | 0 |
_aRoberto Juarez _c/ Gary Indiana |
| 300 |
_a[50] p. _c/ 28 cm. |
||
| 500 | _aExposición realizada en Robert Miller Gallery, New York, 1986 \ Con el patronazgo del maestro venezolano Jesús Rafael Soto (q.e.p.d.) | ||
| 600 | 0 | 0 |
_aJUAREZ, ROBERTO, 1952/ _xTRABAJOS PICTORICOS |
| 650 | 1 | 4 | _aARTE CONTEMPORANEO ESTADOUNIDENSE |
| 650 | 1 | 4 | _xCATALOGOS |
| 650 | 1 | 4 | _xEXPOSICIONES |
| 650 | 1 | 4 | _aPINTORES ESTADOUNIDENSES |
| 650 | 1 | 4 | _aPINTURA ESTADOUNIDENSE |
| 999 |
_c6242 _d6242 |
||
| 260 |
_a<s.l.> : Bellport Press _c1986 |
||